000 02315cam a2200349 i 4500
003 SA-RiAUC
005 20250713133954.0
008 250710s1987 ua g b 00110 ara c
020 _z97714202400
024 0 _a00000000972628
040 _aSA-RiAUC
_bara
_cSA-RiAUC
_dAE-DuMBRL
_erda
082 0 4 _a251.1
_qSA-RiAUC
090 _a251.1
_bح ف ن
100 1 _aالحفناوي، محمد إبراهيم محمد
_eمؤلف.
245 1 2 _aالتعارض والترجيح عند الأصوليين وأثرهما في الفقه الإسلامي /
_cدكتور محمد إبراهيم الحفناوي.
250 _aالطبعة الثانية.
264 1 _aالمنصورة [مصر] :
_bدار الوفاء للطباعة والنشر والتوزيع،
_c1987.
300 _a431 صفحة ؛
_c24 × 17 سم
336 _aنص
_btxt
_2rdacontent
_3كتاب
337 _aبدون وسيط
_bn
_2rdamedia
338 _aمجلد
_bnc
_2rdacarrier
500 _aيشتمل على كشافات.
504 _aببليوجرافية : صفحة 407-431.
520 _aيتناول كتاب (التعارض والترجيح عند الأصوليين وأثرهما في الفقه الإسلامي) والذي قام بتأليفه د. محمد الحفناوي، موضوع (التعارض والترجيح) الكتاب يستعرض موضوع الأدلة المتعارضة في الكتاب السنة، وموقف علماء أصول الفقه من هذا التعارض، مع بيان الأسباب المؤدية إلى تعارض الأدلة، ومدلولات هذا التعارض وأقسامه وأركانه وشروطه ومجالاته وأحكامه، وتوضيح اتجاهات العلماء في الجمع بين الأدلة المتعارضة أو ترجيح بعضها على بعض، مع بيان شروط الترجيح وأحكامه ومجالاته.
650 7 _aتعارض الأدلة (أصول فقه)
_2aucsh
650 7 _aالترجيح (أصول فقه)
_2aucsh
650 7 _aأصول الفقه الإسلامي
_2aucsh
650 7 _aالأدلة الشرعية
_2aucsh
942 _2ddc
_cBOOK
_n0
949 _aSA-JeALM
_d250710
_umohamedma123
_n1
999 _c9886
_d9886